000 00709nam a2200253Ia 4500
003 OSt
005 20221006143148.0
006 a|||||r|||| 00| 0
007 ta
008 221006b |||||||| |||| 00| 0 eng d
020 _a0356175197
_c390.60
024 _a8,203
037 _cTextual
040 _aEASL
_cEASL
_beng
041 _2eng
_aeng
082 _aY81M1-73(P41).41.N84, M9
100 _aPosner Gerald L.
_9649269
245 0 _aWarlords of crime
_b Chinese secret societies
260 _aLondon
_bQueen anne Press
_c1989
300 _a289p.
_ccm.
490 _v CEL
942 _hY81M1-73(P41).41.N84, M9
_cTEXL
_2CC
999 _c1076289
_d1076289